00777nam a2200193 a 450000100100000000500170001000800410002704000250006810000220009324500500011526000530016530000210021849000520023950000290029183000590032004900090037995201780038899900170056600003485620200930073939.0111020s1957 es 000 0 spa d aDO-SdBNPbspacBNPHU1 aWahl, Jean96038710aIntroducción a la filosofía /cWahl Jean. aMéxico :bFondo de Cultura Económica,c1957. a378 p. ;c19 cm.1 aBreviarios del Fondo de Cultura Económicav34 a2a reimpresión en 1937 0aBreviarios del Fondo de Cultura Económicav34925786 aBNPD 001050718MOaGRbGRcCTd2011-10-20iLF1l0o p34856-10r2020-06-25w2020-06-25y1zPerteneció a la biblioteca personal de Juan Isidro Jimenes Grullón.ZNo se presta c34347d34347